000 006490000a22002050004500
003 LK-CoMWRAF
005 20231211143556.0
008 230817t1987 ||||| |||| 00| 0 eng d
040 _aLK-CoMWRAF
_dLK-CoMWRAF
_eLK-CoMWRAF
041 _aeng
082 _a305.42
_bMUM
100 _aMumtaz, Khawar
245 _aWomen of Pakistan:
_btwo steps forward, one step back
260 _aKarachi:
_bVanguard,
_c1987
300 _axi, 196 p. ; 23 cm.
_bBibliography and index included
650 _aWOMEN'S RIGHTS- Pakistan -- History -- 20th century
650 _aFeminism -- Pakistan -- History -- 20th century
700 _aShaheed, Farida
942 _cBK
999 _c448
_d448